UM Logo

Nations and governments: (Record no. 6810)

MARC details
000 -LEADER
fixed length control field 00521nam a22001577a 4500
008 - FIXED-LENGTH DATA ELEMENTS--GENERAL INFORMATION
fixed length control field 170503b xxu||||| |||| 00| 0 eng d
020 ## - INTERNATIONAL STANDARD BOOK NUMBER
International Standard Book Number 0-312-00404-4
082 ## - DEWEY DECIMAL CLASSIFICATION NUMBER
Edition number 1991
Classification number DC 320.3
Item number M27
100 ## - MAIN ENTRY--PERSONAL NAME
9 (RLIN) 20632
Personal name Magstadt, Thomas M.
245 ## - TITLE STATEMENT
Title Nations and governments:
Remainder of title comparative politics in regional perspective/
Statement of responsibility, etc. Thomas M. Magstadt.
260 ## - PUBLICATION, DISTRIBUTION, ETC. (IMPRINT)
Place of publication, distribution, etc. New York :
Name of publisher, distributor, etc. St. Martin's Press,
Date of publication, distribution, etc. c1991.
300 ## - PHYSICAL DESCRIPTION
Extent xv, 528 pages;
Dimensions 24 cm.
500 ## - GENERAL NOTE
General note Includes index.
650 #0 - SUBJECT ADDED ENTRY--TOPICAL TERM
9 (RLIN) 20633
Topical term or geographic name as entry element Comparative government
942 ## - ADDED ENTRY ELEMENTS (KOHA)
Source of classification or shelving scheme Dewey Decimal Classification
Koha item type Circulation
Holdings
Withdrawn status Lost status Source of classification or shelving scheme Damaged status Not for loan Collection code Home library Current library Date acquired Source of acquisition Total Checkouts Full call number Barcode Date last seen Copy number Price effective from Koha item type
    Dewey Decimal Classification     Circulation UM Digos College - LIC UM Digos College - LIC 05/06/1995 Purchased   DC 320.3 M27 1991 11833 05/15/2025 1 05/03/2017 Circulation
    Dewey Decimal Classification     Circulation UM Digos College - LIC UM Digos College - LIC 11/11/2003 Purchased   DC 320.3 M27 1991 16386 05/15/2025 2 05/03/2017 Circulation